LEADER 00482nab a2200145 i 4500 001 000000263047 003 CaOOAMICUS 005 20051116000000.0 008 051116n xx uu u0 0und r 013 $a4546 040 $aSeMil$bita 245 10$aJubilé An 2000. - Titolo principale dalla copertina. 500 $a2 janvier 2000 (N° 2217). 773 0 $t[2000.$dParis : Bayard, 2000.$w()145112 996 $6245$aJubilé An 2000. - Titolo principale dalla copertina.$9(OLS)http://semarc/title/356320 LEADER 00866nam a2200229 i 4500 001 000000234877 003 CaOOAMICUS 005 20141023000000.0 008 141023s1970 it u000 u ita u 013 $a213780 040 $aSeMil$bita 100 1 $aPasolini, Pier Paolo,$d<1922-1975>.$0(OLS)http://semarc/name/6365 245 10$aMedea /$cUn film di Pier Paolo Pasolini. 260 $a[Milano] :$bGarzanti,$c1970. 300 $a153 p., [48] p. di tav. ;$c22 cm. 490 0 $aFilm e Discussioni 650 4$aMedea .$0(OLS)http://semarc/subject/41805 830 0$aFilm e discussioni.$0(OLS)http://semarc/title/41642 850 $aSeMil 852 $aSeMil$W1$xVenegono$y1$m3M III 122$j185223$B185223$CSeMilBibl$Z2$F196109 $81 996 $6245$aMedea$9(OLS)http://semarc/title/335057 996 $6260$a[Milano] :$bGarzanti$9(OLS)http://semarc/publisher/31829